header

Bioisosteres in medicinal chemistry (Record no. 78171)

MARC details
000 -LEADER
fixed length control field 01317nam a2200313 a 4500
245 00 - TITLE STATEMENT
Title Bioisosteres in medicinal chemistry
260 ## - PUBLICATION, DISTRIBUTION, ETC. (IMPRINT)
Place of publication Weinheim, Germany :
Name of publisher Wiley-VCH,
Year of publication 2012.
300 ## - PHYSICAL DESCRIPTION
Number of Pages xviii, 237 p. :
Other physical details ill.
490 1# - SERIES STATEMENT
Series statement Methods and principles in medicinal chemistry ;
505 0# - FORMATTED CONTENTS NOTE
Formatted contents note pt. 1. Principles -- pt. 2. Data -- pt. 3. Methods -- pt. 4. Applications.
650 #0 - SUBJECT ADDED ENTRY--TOPICAL TERM
Topical Term Pharmaceutical chemistry.
700 1# - ADDED ENTRY--PERSONAL NAME
Personal name Brown, Nathan.
856 40 - ELECTRONIC LOCATION AND ACCESS
Uniform Resource Identifier http://site.ebrary.com/lib/rucke/Doc?id=10575526

No items available.

© 2026 Rongo University
Contact us: librarian | system librarian | Rongo university